Responses for show #1041 - Monday, February 27, 1989

Contestants

[<< previous game]

Nancy Burke, a secretary from Buffalo, New York

Bill Vogel, a phys. ed. teacher originally from Bayport, New York

Dean Miller, a restaurant manager from Gaithersburg, Maryland (whose 1-day cash winnings total $14,100)

[next game >>]

Jeopardy! Round responses

STARTS WITH "B"
PLAYS
COOKING
U.S.A.
BASEBALL
LEFTOVERS
(Alex: Very similar to Potpourri; these are clues left over from previous matches.)
    $100 12
black hole

Nancy
    $100 1
(Bill: What is "Man and Arms?")
(Alex: "Man and Superman" & The Man of Destiny" were the others.)

"Arms and the Man"

BillNancy
    $100 17
carob

Bill
    $100 20
Hawaii

Nancy
    $100 5
umpire

Dean
    $100 10
Bob Hope

Dean
    $200 13
bottle

Dean
    $200 2
The Iliad

Nancy
    $200 18
in order to make the flavor come out more

Triple Stumper
    $200 21
Grant's Tomb

Bill
    $200 6
Pete Rose

Dean
    $200 11
Harvard University

Nancy
    $300 14
"Bugs"

Dean
    $300 3
"Peer Gynt"

Triple Stumper
    $300 19
pineapple upside-down cake

Dean
    $300 22
Atlanta

Dean
    $500 7
Jackie Robinson

Dean
    $300 30
your head/hair

Dean
    $400 15
bongo

Nancy
    $400 4
Buffalo Bill Cody

Dean
    $400 25
Chex

Dean
    $400 23
Philadelphia

Bill
    $400 8
Chicago Cubs & Chicago White Sox

Bill
    $400 29
Eleanor Roosevelt

Dean
    $500 16
ballerina

Bill
    $500 27
Oedipus

Nancy
    $500 26
cream/milk

Triple Stumper
    $500 24
(Alex: We have less than a minute to go.)

Nome

Bill
    $500 9
Baltimore Orioles

Dean
    $500 28
Rhodes

Nancy

Scores at the first commercial break (after clue 12):

Dean Bill Nancy
$1,800 $300 $600

Scores at the end of the Jeopardy! Round:

Dean Bill Nancy
$4,000 $2,000 $2,100

Double Jeopardy! Round responses

WHAT'S "NEW"
LITERATURE
PARIS
NUCLEAR PHYSICS
'88 MOVIES
CHRISTOPHER COLUMBUS
    $200 10
Little John

Dean
    $200 25
[end-of-round signal sounds]
(Alex: Most of the remaining clues were in Nuclear Physics; you avoided that quite a bit!)

the Bastille

Dean
    $200 22
Who Framed Roger Rabbit

Dean
    $200 5
British Columbia

Bill
    $400 21
(Bill: What is Passover?)
(Alex: We've got less than a minute to go, Dean.)

new moon

DeanBill
    $400 11
Don Quixote de La Mancha

Dean
    $400 9
Notre Dame

Dean
    $400 23
Heartbreak Hotel

Dean
    $400 4
Christoforo Colombo

Bill
    $600 17
the New Deal

Nancy
    $600 12
John Bunyan

Bill
    $600 8
the Sorbonne

Nancy
    $600 20
oxygen

Bill
    $600 19
(Bill: What is "I Married the Mob?")

Married to the Mob

BillNancy
    $600 3
Santo Domingo

Bill
    $800 16
Newcastle

Dean
    $1,000 13
(Bill: Who are Aramis & D'Artagnan?)

Aramis & Athos

Bill
    $800 7
Montmartre

Bill
    $800 18
(Dean: What is "Outrageous Fortune?")
(Nancy: What is "The Two of Us?")

Big Business

DeanNancy
Triple Stumper
    $800 2
Portugal

Bill
    $1000 14
New Bedford

Nancy
    $1000 24
Thomas Hardy

Bill
    $1000 6
(Dean: What is the Louvre?)
(Bill: What is the Hall of Mirrors?)

l' Orangerie

DeanBillNancy
    $1000 15
The Milagro Beanfield War

Bill
    $1000 1
(Dean: What is 3?)

4

DeanBill

Scores at the end of the Double Jeopardy! Round:

Dean Bill Nancy
$4,200 $6,000 $5,100

[wagering suggestions for these scores]

Final Jeopardy! Round responses

CLASSICAL MUSIC
DeanWhat was the Pastoral Symphony?
$4,000
NancyWhat is the 10th?
$5,100
BillWhat is the 9th?
$2,400
the "Tenth Symphony"

Final scores:

Dean Bill Nancy
$200 $3,600 $10,200
3rd place: Norman's of Salisbury bedspreads 2nd place: Broyhill cherry-finished desk & Vistel telephone display New champion: $10,200

Game dynamics:

Coryat scores:

Dean Bill Nancy
$4,000 $7,000 $5,100
21 R
(including 1 DD),
3 W
16 R,
5 W
(including 1 DD)
13 R,
1 W

Combined Coryat: $16,100

The J! Archive is created by fans, for fans. The Jeopardy! game show and all elements thereof, including but not limited to copyright and trademark thereto, are the property of Jeopardy Productions, Inc. and are protected under law. This website is not affiliated with, sponsored by, or operated by Jeopardy Productions, Inc. Join the discussion at JBoard.tv.